000 00371nam a22001577a 4500
003 OSt
005 20240406114327.0
008 190425b xxu||||| |||| 00| 0 eng d
020 _a978-0071741163
040 _cIIMT UNIVERSITY
100 _aS.CHILDT H
245 _aTHE COMPLETE REFERENCE C#
260 _aNEW DELHI
_bTMH
_c2005
300 _a933
942 _2ddc
_c02
999 _c46839
_d46839